Cincuenta aniversario: la huelga bananera de 1934 /
Gorde:
| Egile nagusia: | |
|---|---|
| Formatua: | Texto |
| Gaiak: | |
| Etiketak: |
Etiketa erantsi
Etiketarik gabe, Izan zaitez lehena erregistro honi etiketa jartzen!
|
MARC
| LEADER | 00000 a a2200000 04500 | ||
|---|---|---|---|
| 001 | 1584 | ||
| 003 | |||
| 040 | |||
| 100 | |a Badilla, Patricia | ||
| 245 | |a Cincuenta aniversario: la huelga bananera de 1934 / |c Patricia Badilla | ||
| 650 | |a HUELGAS | ||
| 650 | |a TRABAJADORES | ||
| 650 | |a DESEMPLEO | ||
| 650 | |a CAPITALISMO | ||
| 773 | |g número 20; páginas 27-31 | ||
| 999 | |c 39933 |d 39933 | ||
